Parent, teacher, and physician in the life of the hyperactive child : the incoherence of the social environment /

Bibliographic Details
Main Author: Robin, Stanley S.
Other Authors: Bosco, James J.
Format: Book
Language:English
Published: Springfield, Ill. : Thomas, [1981]
Subjects:

MARC

Tag First Indicator Second Indicator Subfields
LEADER 00000pam a2200000 a 4500
001 in00000085015
005 20151008054442.0
008 810504s1981 ilu b 00110 eng
010 |a  81005615  
020 |a 0398045283 
035 |a (OCoLC)07554452 
035 |9 AAJ0707AM 
039 0 |a 2  |b 3  |c 3  |d 3  |e 3 
040 |a DLC  |c DLC  |d TXA  |d UtOrBLW 
049 |a TXAM  |c [951723] 
050 0 0 |a RJ506.H9  |b R64 
060 0 |a WS 350.8.H9 R655p 
082 0 |a 362.1/98928589  |2 19 
100 1 |a Robin, Stanley S. 
245 1 0 |a Parent, teacher, and physician in the life of the hyperactive child :  |b the incoherence of the social environment /  |c by Stanley S. Robin and James J. Bosco. 
264 1 |a Springfield, Ill. :  |b Thomas,  |c [1981] 
264 4 |c ©1981 
300 |a xiv, 257 pages ;  |c 24 cm. 
336 |a text  |b txt  |2 rdacontent 
337 |a unmediated  |b n  |2 rdamedia 
338 |a volume  |b nc  |2 rdacarrier 
500 |a Includes indexes. 
504 |a Bibliography: pages 151-156. 
650 0 |a Attention-deficit hyperactivity disorder  |x Social aspects. 
650 0 |a Hyperactive children. 
650 0 |a Parent and child. 
650 0 |a Teacher-student relationships. 
650 0 |a Physician and patient. 
650 2 |a Hyperkinesis  |x In infancy and childhood. 
650 2 |a Hyperkinesis  |x therapy. 
650 2 |a Socioenvironmental Therapy  |x In infancy and childhood. 
700 1 |a Bosco, James J. 
999 |a MARS 
999 f f |s b70f2319-ff08-31ce-bc29-daf7825c7ea7  |i 53ddeb80-b188-333c-b0c0-847f1da08899  |t 0 
952 f f |p ric  |a Texas A&M University  |b Rellis Campus  |c Joint Library Facility  |d Remote Storage  |t 0  |e RJ506.H9 R64  |h Library of Congress classification  |i unmediated -- volume  |m A14806232547 
998 f f |a RJ506.H9 R64  |t 0  |l Remote Storage